[Event "CN Equipas 2019 - 1. div"]
[Site "Évora POR"]
[Date "2019.07.18"]
[Round "5.2.4"]
[White "Fernandes, António"]
[Black "Martinez, Lelys"]
[Result "1/2-1/2"]
[WhiteElo "2376"]
[BlackElo "2535"]
[WhiteFideId "1900021"]
[BlackFideId "3504727"]
[WhiteTeam "Ax Portugal/Atlantidiagonal 'A'"]
[BlackTeam "Gd Dias Ferreira 'A'"]
[WhiteTitle "GM"]
[BlackTitle "GM"]
[PlyCount "96"]

1. d4 Nf6 2. g3 c5 3. d5 g6 4. Bg2 Bg7 5. e4 d6 6. Ne2 O-O 7. O-O b5 8. Re1 Nbd7
9. Nd2 Rb8 10. Rb1 e6 11. dxe6 fxe6 12. Nf1 Qe7 13. Nf4 Kh8 14. Ne3 Bb7 15. Ng4
Nxg4 16. Qxg4 Rbe8 17. Qe2 a6 18. b3 Ne5 19. Bb2 b4 20. Nd3 Nc6 21. e5 d5 22. c3
c4 23. Nxb4 Nxe5 24. f4 a5 25. Ba3 Qc5+ 26. Kh1 Qa7 27. Nxd5 Nd3 28. Qe3 Qxe3
29. Nxe3 Bxg2+ 30. Nxg2 Nxe1 31. Bxf8 Rxf8 32. Nxe1 Rb8 33. Nc2 Bxc3 34. Ne3
cxb3 35. Rxb3 Rxb3 36. axb3 e5 37. fxe5 Bxe5 38. Kg2 Kg7 39. Kf3 Kf7 40. Ke4 Ke6
41. Nc4 Bc3 42. g4 Be1 43. h4 Kf6 44. h5 gxh5 45. gxh5 Kg5 46. Nxa5 Bxa5 47. b4
Bb6 48. Kf3 Kxh5 1/2-1/2

[Event "CN Equipas 2019 - 1. div"]
[Site "Évora POR"]
[Date "2019.07.18"]
[Round "5.3.1"]
[White "Galego, Luís"]
[Black "Henderson De La Fuente, Lance"]
[Result "1/2-1/2"]
[WhiteElo "2513"]
[BlackElo "2471"]
[WhiteFideId "1900072"]
[BlackFideId "32096585"]
[WhiteTeam "Assembleia Figueirense"]
[BlackTeam "Ex Porto 'A'"]
[WhiteTitle "GM"]
[BlackTitle "IM"]
[PlyCount "93"]

1. c4 e5 2. Nc3 d6 3. g3 Be7 4. Bg2 f5 5. d4 Nf6 6. dxe5 dxe5 7. Qxd8+ Bxd8 8.
b3 O-O 9. Ba3 Re8 10. O-O-O c6 11. e4 Na6 12. exf5 Bxf5 13. Bh3 Bg6 14. Nge2 Bb6
15. f4 Bh5 16. Bd7 Nxd7 17. Rxd7 Nc5 18. Bxc5 Bxc5 19. fxe5 Bg4 20. Rxb7 Bc8 21.
Rc7 Bb6 22. Rxc8 Raxc8 23. b4 Rcd8 24. c5 Bc7 25. Rd1 Rxd1+ 26. Kxd1 Bxe5 27.
Kc2 Kf7 28. a4 a6 29. Kd3 Ke6 30. Kc4 Bxc3 31. Kxc3 Rf8 32. Nf4+ Ke5 33. h4 Rd8
34. b5 axb5 35. axb5 cxb5 36. Kb4 Rb8 37. h5 Kf5 38. c6 h6 39. Nd5 Kg5 40. c7
Rc8 41. Kxb5 Kxh5 42. Kc6 Kg4 43. Ne3+ Kxg3 44. Nf5+ Kg4 45. Nxg7 h5 46. Nxh5
Rxc7+ 47. Kxc7 1/2-1/2

[Event "CN Equipas 2019 - 1. div"]
[Site "Évora POR"]
[Date "2019.07.18"]
[Round "5.3.2"]
[White "Veiga, Francisco"]
[Black "Del Rio Angelis, Salvador"]
[Result "1/2-1/2"]
[WhiteElo "2357"]
[BlackElo "2464"]
[WhiteFideId "1930087"]
[BlackFideId "2203138"]
[WhiteTeam "Ex Porto 'A'"]
[BlackTeam "Assembleia Figueirense"]
[WhiteTitle "FM"]
[BlackTitle "GM"]
[PlyCount "109"]
[EventDate "2019.??.??"]

1. e4 e6 2. d4 d5 3. exd5 exd5 4. Nf3 Nc6 5. Bb5 Bd6 6. c4 dxc4 7. d5 a6 8. Ba4
b5 9. dxc6 bxa4 10. O-O Ne7 11. Nbd2 O-O 12. Nxc4 Nxc6 13. Qxa4 Bd7 14. Nxd6 Ne5
15. Qf4 Nxf3+ 16. Qxf3 cxd6 17. Bd2 Re8 18. Rfe1 Rc8 19. Bc3 Qg5 20. Rad1 Rxe1+
21. Rxe1 h6 22. Qb7 Qb5 23. Qxb5 axb5 24. Rd1 Be6 25. a3 Rc6 26. f4 Kf8 27. Kf2
g6 28. h3 h5 29. Kf3 Ke7 30. Rd2 Rc5 31. g4 Kd7 32. Kg3 hxg4 33. hxg4 Bb3 34.
Kf3 Bd5+ 35. Ke3 Be6 36. Bd4 Rc6 37. Kf3 Bd5+ 38. Kg3 Bb3 39. Bc3 Rc5 40. Kh4
Kc6 41. Rd3 Bc4 42. Rd1 Bb3 43. Rd2 Be6 44. Bd4 Rc1 45. Kg5 Bb3 46. Kf6 Rd1 47.
Rxd1 Bxd1 48. Kxf7 Bxg4 49. Kxg6 Kd5 50. Be3 Ke4 51. Bc1 d5 52. b3 d4 53. a4
bxa4 54. bxa4 Kd5 55. a5 1/2-1/2

[Event "CN Equipas 2019 - 1. div"]
[Site "Évora POR"]
[Date "2019.07.18"]
[Round "5.3.3"]
[White "Oratovsky, Michael"]
[Black "Silva, Miguel"]
[Result "1-0"]
[WhiteElo "2445"]
[BlackElo "2250"]
[WhiteFideId "2802090"]
[BlackFideId "1911929"]
[WhiteTeam "Assembleia Figueirense"]
[BlackTeam "Ex Porto 'A'"]
[WhiteTitle "GM"]
[BlackTitle "NM"]
[PlyCount "41"]

1. e4 e5 2. Bc4 Nf6 3. d3 Nc6 4. Nf3 Bc5 5. c3 O-O 6. Nbd2 d6 7. h3 a6 8. Bb3
Ba7 9. Nf1 Be6 10. Ng3 h6 11. Nh2 Ne7 12. Ng4 Ng6 13. Nf5 d5 14. Qf3 Bxf5 15.
Qxf5 Nxg4 16. hxg4 Nh4 17. Qxe5 dxe4 18. d4 Nxg2+ 19. Kf1 Nh4 20. Qh5 Nf3 21.
Bxh6 1-0

[Event "CN Equipas 2019 - 1. div"]
[Site "Évora POR"]
[Date "2019.07.18"]
[Round "5.3.4"]
[White "Paiva, Henrique"]
[Black "Vasallo, Mauricio"]
[Result "0-1"]
[WhiteElo "2122"]
[BlackElo "2380"]
[WhiteFideId "1920995"]
[BlackFideId "101648"]
[WhiteTeam "Ex Porto 'A'"]
[BlackTeam "Assembleia Figueirense"]
[WhiteTitle "NM"]
[BlackTitle "IM"]
[PlyCount "99"]
[EventDate "2019.??.??"]

1. e4 d6 2. d4 Nf6 3. Nc3 g6 4. Nf3 Bg7 5. Be2 O-O 6. O-O c6 7. a4 Nbd7 8. h3
Qc7 9. Be3 b6 10. Qd2 Bb7 11. Bh6 e5 12. Bxg7 Kxg7 13. Rad1 Rfe8 14. Rfe1 a6 15.
Bc4 b5 16. Bb3 h6 17. Qd3 Rad8 18. dxe5 dxe5 19. Qe3 b4 20. Nb1 c5 21. Nbd2 a5
22. Bc4 Nb6 23. Bb5 Re7 24. b3 Nc8 25. Nh2 Nd6 26. Bd3 Bc8 27. Nc4 Nxc4 28. Bxc4
Rd4 29. Bd3 Be6 30. Nf3 Rd8 31. Bb5 Rxd1 32. Rxd1 Nh5 33. c4 Nf4 34. Qd2 Bc8 35.
Qd6 Ne2+ 36. Kf1 Nd4 37. Qxc7 Rxc7 38. Nxd4 exd4 39. Ke2 Bb7 40. Kd3 Re7 41. f3
f5 42. Re1 fxe4+ 43. fxe4 Kf6 44. g3 Ke5 45. Rf1 Bxe4+ 46. Kd2 Bf5 47. g4 Be6
48. Bc6 Kd6 49. Ba8 Rf7 50. Rxf7 0-1

[Event "CN Equipas 2019 - 1. div"]
[Site "Évora POR"]
[Date "2019.07.18"]
[Round "5.4.1"]
[White "Kadric, Denis"]
[Black "Trigo Urquijo, Sergio"]
[Result "1/2-1/2"]
[WhiteElo "2562"]
[BlackElo "2382"]
[WhiteFideId "14403803"]
[BlackFideId "2262436"]
[WhiteTeam "Ax Gaia 'A'"]
[BlackTeam "Gx Porto 'A'"]
[WhiteTitle "GM"]
[BlackTitle "FM"]
[PlyCount "49"]

1. e4 e6 2. d3 d5 3. Nd2 Nf6 4. e5 Nfd7 5. f4 c5 6. g3 g5 7. Ndf3 gxf4 8. Bxf4
Nc6 9. c3 Bg7 10. d4 cxd4 11. cxd4 Qb6 12. Ne2 f6 13. exf6 Nxf6 14. Bg2 Ne4 15.
O-O O-O 16. Kh1 Qxb2 17. Rc1 Qa3 18. Ne5 Nxe5 19. dxe5 Qe7 20. Nd4 b6 21. Qg4
Rf7 22. Bh3 Nc5 23. Bg5 Qe8 24. Rxf7 Qxf7 25. Rf1 1/2-1/2

[Event "CN Equipas 2019 - 1. div"]
[Site "Évora POR"]
[Date "2019.07.18"]
[Round "5.4.2"]
[White "Prithu Gupta"]
[Black "Yankelevich, Lev"]
[Result "1-0"]
[WhiteElo "2470"]
[BlackElo "2481"]
[WhiteFideId "46618546"]
[BlackFideId "24684074"]
[WhiteTeam "Gx Porto 'A'"]
[BlackTeam "Ax Gaia 'A'"]
[WhiteTitle "IM"]
[BlackTitle "IM"]
[PlyCount "68"]

1. e4 c5 2. Nf3 d6 3. d4 cxd4 4. Nxd4 Nf6 5. Nc3 Nc6 6. Bg5 e6 7. Qd3 a6 8. Nxc6
bxc6 9. O-O-O h6 10. Bf4 d5 11. Be2 Bb4 12. Qg3 Bxc3 13. Qxc3 O-O 14. f3 Bb7 15.
g4 Nd7 16. Bd6 Re8 17. e5 c5 18. Rhg1 Qg5+ 19. Kb1 f6 20. exf6 Qxf6 21. Qe3 e5
22. Bxc5 Qf4 23. Bd3 Nxc5 24. Qxc5 Rab8 25. Qc7 Qf6 26. h4 Rec8 27. g5 hxg5 28.
hxg5 Rxc7 29. gxf6 Rf8 30. Rde1 e4 31. fxe4 dxe4 32. Bc4+ Kh7 33. fxg7 Rxg7 34.
Rh1+ Kg6 1-0

[Event "CN Equipas 2019 - 1. div"]
[Site "Évora POR"]
[Date "2019.07.18"]
[Round "5.4.3"]
[White "Ftacnik, Lubomir"]
[Black "Lombaers, Peter"]
[Result "1/2-1/2"]
[WhiteElo "2513"]
[BlackElo "2361"]
[WhiteFideId "14900017"]
[BlackFideId "1032852"]
[WhiteTeam "Ax Gaia 'A'"]
[BlackTeam "Gx Porto 'A'"]
[WhiteTitle "GM"]
[BlackTitle "FM"]
[PlyCount "43"]

1. Nf3 Nf6 2. c4 g6 3. Nc3 Bg7 4. e4 e5 5. Nxe5 O-O 6. Nf3 Re8 7. d3 d5 8. cxd5
Nxd5 9. Bd2 Bg4 10. Qb3 Nxc3 11. bxc3 Na6 12. Ng5 Qe7 13. h3 Nc5 14. Qc2 Bd7 15.
Be2 Rad8 16. Rc1 Bb5 17. d4 Bxe2 18. Kxe2 h6 19. dxc5 hxg5 20. Be3 Qxe4 21. Qxe4
Rxe4 22. Rhd1 1/2-1/2

[Event "CN Equipas 2019 - 1. div"]
[Site "Évora POR"]
[Date "2019.07.18"]
[Round "5.4.4"]
[White "Marchena Hurtado, Javier"]
[Black "Sousa, André V"]
[Result "1-0"]
[WhiteElo "2352"]
[BlackElo "2362"]
[WhiteFideId "2271583"]
[BlackFideId "1917617"]
[WhiteTeam "Gx Porto 'A'"]
[BlackTeam "Ax Gaia 'A'"]
[WhiteTitle "FM"]
[BlackTitle "IM"]
[PlyCount "61"]

1. e4 e5 2. Nf3 Nc6 3. Bc4 Nf6 4. d3 Bc5 5. O-O O-O 6. Nbd2 d6 7. c3 a6 8. Bb3
Ba7 9. h3 h6 10. Re1 Re8 11. Nf1 Ne7 12. Ng3 Ng6 13. d4 c6 14. Be3 Be6 15. Bc2
Nh7 16. Nf5 Bb8 17. d5 Bxf5 18. exf5 Ne7 19. dxc6 bxc6 20. Qd2 Nd5 21. Rad1 Qc7
22. Bxh6 gxh6 23. Qxh6 e4 24. Rxd5 cxd5 25. Ng5 f6 26. Qg6+ Kf8 27. Nxh7+ Ke7
28. Nxf6 Qc6 29. Bb3 Ba7 30. Bxd5 Bxf2+ 31. Kxf2 1-0

[Event "CN Equipas 2019 - 1. div"]
[Site "Évora POR"]
[Date "2019.07.18"]
[Round "5.5.1"]
[White "Brodowski, Piotr"]
[Black "Espinosa Aranda, Angel"]
[Result "1/2-1/2"]
[WhiteElo "2437"]
[BlackElo "2488"]
[WhiteFideId "1124480"]
[BlackFideId "2278189"]
[WhiteTeam "Aa Coimbra 'A'"]
[BlackTeam "Amadora Xadrez 'A'"]
[WhiteTitle "IM"]
[BlackTitle "IM"]
[PlyCount "106"]

1. Nf3 Nf6 2. c4 g6 3. g3 Bg7 4. Nc3 O-O 5. Bg2 d6 6. d4 Nbd7 7. O-O e5 8. h3
Re8 9. Be3 exd4 10. Bxd4 Nb6 11. b3 c5 12. Be3 d5 13. Bxc5 dxc4 14. Qxd8 Rxd8
15. Rad1 Be6 16. Nd4 Nfd5 17. Nxe6 fxe6 18. Nxd5 Nxd5 19. bxc4 Nc3 20. Rxd8+
Rxd8 21. Bxb7 Nxe2+ 22. Kg2 Nc3 23. Be3 Bd4 24. c5 Bxe3 25. fxe3 Rd2+ 26. Rf2
Rxf2+ 27. Kxf2 Kf7 28. a3 Kf6 29. Bc6 Ke5 30. Ke1 Nd5 31. Kd2 Nc7 32. Kc3 Na6
33. Kc4 Nc7 34. a4 Na6 35. Bf3 Nc7 36. Bb7 h6 37. Bc6 Na6 38. Be8 g5 39. Bh5 Nc7
40. Bf3 Kf5 41. Kd4 Kf6 42. c6 Na6 43. Be2 Nc7 44. Kc5 Ke5 45. Bd3 Ne8 46. Bc4
Nc7 47. a5 Ne8 48. Bd3 Nc7 49. e4 Ne8 50. Bc2 Nc7 51. Bd3 Ne8 52. Bc2 Nc7 53.
Bd3 Ne8 1/2-1/2

[Event "CN Equipas 2019 - 1. div"]
[Site "Évora POR"]
[Date "2019.07.18"]
[Round "5.5.2"]
[White "Alshameary Puente, Ismael"]
[Black "Butkiewicz, Lukasz"]
[Result "0-1"]
[WhiteElo "2442"]
[BlackElo "2425"]
[WhiteFideId "2225166"]
[BlackFideId "1122428"]
[WhiteTeam "Amadora Xadrez 'A'"]
[BlackTeam "Aa Coimbra 'A'"]
[WhiteTitle "FM"]
[BlackTitle "IM"]
[PlyCount "100"]

1. d4 Nf6 2. c4 e6 3. Nc3 Bb4 4. e3 O-O 5. Bd2 d5 6. Nf3 b6 7. cxd5 exd5 8. Bd3
a5 9. Ne5 Ba6 10. a3 Bd6 11. Bxa6 Nxa6 12. f4 c5 13. O-O Nc7 14. Qf3 b5 15. Nc6
Qe8 16. dxc5 Bxc5 17. Nd4 Ne4 18. Rfd1 Bxd4 19. exd4 f5 20. Rac1 Qd7 21. Qf1
Rfe8 22. Rc2 Nd6 23. b3 Ne6 24. Qd3 Qb7 25. Re1 Qa7 26. Nxb5 Nxb5 27. Qxb5 Qxd4+
28. Be3 Qe4 29. Rce2 Nd4 30. Bxd4 Qxd4+ 31. Kh1 Re4 32. h3 h6 33. b4 axb4 34.
axb4 Kh7 35. Rxe4 fxe4 36. Qd7 Rf8 37. Qd6 Rf6 38. Qe5 Qxe5 39. fxe5 Rb6 40. Rd1
Rb5 41. e6 Kg6 42. Rf1 Rb6 43. e7 Re6 44. Rd1 e3 45. Kg1 e2 46. Re1 d4 47. Kf2
d3 48. b5 Rxe7 49. b6 d2 50. Rxe2 Rf7+ 0-1

[Event "CN Equipas 2019 - 1. div"]
[Site "Évora POR"]
[Date "2019.07.18"]
[Round "5.5.3"]
[White "Hammes, Michael"]
[Black "Asis Gargatagli, Hipolito"]
[Result "1/2-1/2"]
[WhiteElo "2340"]
[BlackElo "2506"]
[WhiteFideId "4619358"]
[BlackFideId "2260735"]
[WhiteTeam "Aa Coimbra 'A'"]
[BlackTeam "Amadora Xadrez 'A'"]
[WhiteTitle "IM"]
[BlackTitle "GM"]
[PlyCount "40"]

1. d4 Nf6 2. Nf3 e6 3. c4 d5 4. Nc3 dxc4 5. e3 a6 6. a4 b6 7. Bxc4 Bb7 8. O-O
Bb4 9. Qe2 O-O 10. Bd3 c5 11. Rd1 cxd4 12. exd4 Nbd7 13. Bg5 Be7 14. Ne5 Nd5 15.
Nxd5 Bxg5 16. Qe4 g6 17. Ne7+ Qxe7 18. Qxb7 Nxe5 19. Qxe7 Bxe7 20. dxe5 a5
1/2-1/2

[Event "CN Equipas 2019 - 1. div"]
[Site "Évora POR"]
[Date "2019.07.18"]
[Round "5.5.4"]
[White "Eggert, Alberto"]
[Black "Luch, Michal"]
[Result "1/2-1/2"]
[WhiteElo "2131"]
[BlackElo "2380"]
[WhiteFideId "4139500"]
[BlackFideId "1120042"]
[WhiteTeam "Amadora Xadrez 'A'"]
[BlackTeam "Aa Coimbra 'A'"]
[BlackTitle "IM"]
[PlyCount "184"]

1. d4 Nf6 2. c4 c5 3. e3 g6 4. Nf3 Bg7 5. Be2 cxd4 6. Nxd4 Nc6 7. O-O O-O 8. Nc3
d6 9. b3 Nxd4 10. exd4 d5 11. Be3 b6 12. Qd2 Bb7 13. Rfd1 Rc8 14. a4 a5 15. f3
Qd7 16. Nb5 Ne8 17. c5 bxc5 18. Qxa5 c4 19. bxc4 dxc4 20. Qb4 Bd5 21. Rdc1 Qe6
22. Kf2 Nd6 23. Rd1 Rfd8 24. Bf4 Nxb5 25. axb5 Qb6 26. Be3 Rb8 27. Bxc4 Bxc4 28.
Qxc4 Qxb5 29. Qxb5 Rxb5 30. Ra2 Rbd5 31. Rad2 h5 32. h4 Bf6 33. g3 Kf8 34. f4
Rc8 35. Kf3 Ke8 36. Ke4 Rb5 37. Rd3 Kd7 38. Bc1 Rc4 39. Be3 Ra4 40. Rc3 e6 41.
Rdc1 Bd8 42. Rc4 Rxc4 43. Rxc4 Ba5 44. Bf2 f5+ 45. Kd3 Rb3+ 46. Ke2 Rb4 47. Rc2
Bb6 48. Kd3 Kd6 49. Kc3 Ba5 50. Kd3 Rb3+ 51. Ke2 Bb6 52. Rd2 Kd5 53. Be3 Ke4 54.
Bf2 Rb4 55. Ra2 Bxd4 56. Bxd4 Kxd4 57. Ra6 Rb2+ 58. Kf3 Rb3+ 59. Kf2 Kd5 60. Kg2
Rc3 61. Kf2 Rd3 62. Rb6 Ra3 63. Rb8 Ra2+ 64. Kf3 Ra3+ 65. Kg2 Kd4 66. Rd8+ Ke3
67. Rb8 Ra2+ 68. Kh3 Re2 69. Rb3+ Kf2 70. Rb1 Kf3 71. Rb3+ Kf2 72. Rb1 Re1 73.
Rb2+ Kg1 74. Rg2+ Kf1 75. Rb2 Rd1 76. Ra2 Rd3 77. Rb2 Ra3 78. Rc2 Rf3 79. Ra2
Re3 80. Rb2 e5 81. Rb1+ Kf2 82. Rb2+ Ke1 83. fxe5 Rxe5 84. Rb6 Kf2 85. Rxg6 Re1
86. Kh2 Rg1 87. Rg5 Rg2+ 88. Kh1 Rg1+ 89. Kh2 Rg2+ 90. Kh1 Rg1+ 91. Kh2 Rg2+ 92.
Kh1 Rg1+ 1/2-1/2

[Event "CN Equipas 2019 - 1. div"]
[Site "Évora POR"]
[Date "2019.07.22"]
[Round "6.1.1"]
[White "Suarez Gomez, Julio"]
[Black "Espinosa Aranda, Angel"]
[Result "1/2-1/2"]
[WhiteElo "2429"]
[BlackElo "2488"]
[WhiteFideId "22275991"]
[BlackFideId "2278189"]
[WhiteTeam "O Amanhã da Criança"]
[BlackTeam "Amadora Xadrez 'A'"]
[WhiteTitle "IM"]
[BlackTitle "IM"]
[PlyCount "29"]

1. d4 d5 2. c4 dxc4 3. e3 Be6 4. Na3 Nf6 5. Nxc4 g6 6. Nf3 Bg7 7. Be2 O-O 8. O-O
Nbd7 9. b3 c5 10. Bb2 Rc8 11. Rc1 Bd5 12. a4 b6 13. Ncd2 Ne4 14. Bc4 Nxd2 15.
Nxd2 1/2-1/2

[Event "CN Equipas 2019 - 1. div"]
[Site "Évora POR"]
[Date "2019.07.22"]
[Round "6.1.2"]
[White "Alshameary Puente, Ismael"]
[Black "Medarde Santiago, Luis Marcos"]
[Result "1/2-1/2"]
[WhiteElo "2442"]
[BlackElo "2359"]
[WhiteFideId "2225166"]
[BlackFideId "2263076"]
[WhiteTeam "Amadora Xadrez 'A'"]
[BlackTeam "O Amanhã da Criança"]
[WhiteTitle "FM"]
[BlackTitle "FM"]
[PlyCount "32"]

1. d4 Nf6 2. c4 e6 3. Nc3 Bb4 4. f3 c5 5. d5 b5 6. e4 O-O 7. Nh3 bxc4 8. Bxc4
exd5 9. Bxd5 Nxd5 10. Qxd5 Ba6 11. Bf4 Nc6 12. Kf2 Ba5 13. Rhd1 Nb4 14. Qd6 Bb6
15. Kg3 Nc2 16. Rac1 Nd4 1/2-1/2

[Event "CN Equipas 2019 - 1. div"]
[Site "Évora POR"]
[Date "2019.07.22"]
[Round "6.1.3"]
[White "Pazos Porta, Antonio"]
[Black "Asis Gargatagli, Hipolito"]
[Result "0-1"]
[WhiteElo "2340"]
[BlackElo "2506"]
[WhiteFideId "2263190"]
[BlackFideId "2260735"]
[WhiteTeam "O Amanhã da Criança"]
[BlackTeam "Amadora Xadrez 'A'"]
[WhiteTitle "FM"]
[BlackTitle "GM"]
[PlyCount "78"]

1. c4 g6 2. g3 Bg7 3. Bg2 c5 4. Nc3 Nc6 5. d3 d6 6. Nf3 e6 7. O-O Nge7 8. Bd2 b6
9. Qc1 h6 10. Rb1 Bb7 11. a3 Qd7 12. b4 Rd8 13. Re1 g5 14. h3 f5 15. e4 O-O 16.
h4 g4 17. Nh2 Kh7 18. exf5 exf5 19. Ne2 Ng6 20. Nf4 Rfe8 21. Nxg6 Kxg6 22. Be3
Re7 23. Qd2 Rde8 24. Bf4 Nd4 25. Rxe7 Qxe7 26. Be3 Bxg2 27. Kxg2 h5 28. Kf1 f4
29. Bxd4 Bxd4 30. gxf4 Qxh4 31. Kg2 Qe7 32. f5+ Kxf5 33. Qh6 Rh8 34. Qd2 Qb7+
35. Kg1 g3 36. Rf1 Rg8 37. Ng4 Rxg4 38. Rd1 gxf2+ 39. Kf1 Qg2+ 0-1

[Event "CN Equipas 2019 - 1. div"]
[Site "Évora POR"]
[Date "2019.07.22"]
[Round "6.1.4"]
[White "Eggert, Alberto"]
[Black "Espineira, Diego"]
[Result "0-1"]
[WhiteElo "2131"]
[BlackElo "2361"]
[WhiteFideId "4139500"]
[BlackFideId "2229498"]
[WhiteTeam "Amadora Xadrez 'A'"]
[BlackTeam "O Amanhã da Criança"]
[BlackTitle "IM"]
[PlyCount "72"]

1. d4 d5 2. c4 e6 3. Nc3 Nf6 4. e3 Be7 5. Bd3 dxc4 6. Bxc4 a6 7. a4 c5 8. Nge2
cxd4 9. exd4 Nc6 10. O-O Nb4 11. Bf4 O-O 12. Re1 b6 13. Bb3 Bb7 14. Ng3 Nfd5 15.
Bc1 Rc8 16. Nce2 Qc7 17. Rf1 Rfd8 18. Ne4 h6 19. N2g3 f5 20. Nc3 Kh7 21. Qh5 Bf6
22. Rd1 Nxc3 23. bxc3 Bd5 24. Rb1 Bxb3 25. Rxb3 Nd5 26. Bd2 Qc4 27. Ra3 Be7 28.
Raa1 Nxc3 29. Rac1 Qxd4 30. Bxh6 Qxd1+ 31. Rxd1 Rxd1+ 32. Nf1 g6 33. Qf3 Kxh6
34. Qe3+ Bg5 35. f4 Bf6 36. Qxe6 Bd4+ 0-1

[Event "CN Equipas 2019 - 1. div"]
[Site "Évora POR"]
[Date "2019.07.22"]
[Round "6.2.1"]
[White "Trigo Urquijo, Sergio"]
[Black "Brodowski, Piotr"]
[Result "1/2-1/2"]
[WhiteElo "2382"]
[BlackElo "2437"]
[WhiteFideId "2262436"]
[BlackFideId "1124480"]
[WhiteTeam "Gx Porto 'A'"]
[BlackTeam "Aa Coimbra 'A'"]
[WhiteTitle "FM"]
[BlackTitle "IM"]
[PlyCount "81"]

1. e4 c5 2. Nf3 Nc6 3. d4 cxd4 4. Nxd4 g6 5. c4 Bg7 6. Be3 Nf6 7. Nc3 O-O 8. Be2
d6 9. f3 Bd7 10. Qd2 Nxd4 11. Bxd4 Bc6 12. O-O-O Qa5 13. Kb1 b6 14. g4 Nd7 15.
Bxg7 Kxg7 16. h4 h6 17. f4 Qc5 18. Nd5 e5 19. f5 Bxd5 20. cxd5 Qf2 21. Rdf1 Qd4
22. Qxd4 exd4 23. Rd1 Nc5 24. Rxd4 Rfe8 25. Bf3 a5 26. g5 gxf5 27. exf5 Re3 28.
Bh5 hxg5 29. hxg5 f6 30. g6 Rh8 31. Rdh4 Re4 32. R4h3 Rf4 33. Bg4 Rxh3 34. Bxh3
Nd3 35. Bf1 Ne5 36. Rh7+ Kg8 37. Bh3 Rf2 38. Rb7 Rh2 39. Rb8+ Kg7 40. Rb7+ Kg8
41. Rb8+ 1/2-1/2

[Event "CN Equipas 2019 - 1. div"]
[Site "Évora POR"]
[Date "2019.07.22"]
[Round "6.2.2"]
[White "Butkiewicz, Lukasz"]
[Black "Prithu Gupta"]
[Result "1/2-1/2"]
[WhiteElo "2425"]
[BlackElo "2470"]
[WhiteFideId "1122428"]
[BlackFideId "46618546"]
[WhiteTeam "Aa Coimbra 'A'"]
[BlackTeam "Gx Porto 'A'"]
[WhiteTitle "IM"]
[BlackTitle "IM"]
[PlyCount "36"]

1. d4 Nf6 2. c4 e6 3. Nc3 Bb4 4. Qc2 d5 5. a3 Bxc3+ 6. Qxc3 O-O 7. Nf3 dxc4 8.
Qxc4 b6 9. Bg5 Ba6 10. Qa4 c5 11. dxc5 bxc5 12. Rc1 Qb6 13. Bxf6 gxf6 14. Rc2
Nc6 15. e3 Bxf1 16. Rxf1 Rfd8 17. Ke2 Na5 18. Nd2 Rab8 1/2-1/2

[Event "CN Equipas 2019 - 1. div"]
[Site "Évora POR"]
[Date "2019.07.22"]
[Round "6.2.3"]
[White "Iruzubieta, Jesus"]
[Black "Luch, Michal"]
[Result "1/2-1/2"]
[WhiteElo "2438"]
[BlackElo "2380"]
[WhiteFideId "2200597"]
[BlackFideId "1120042"]
[WhiteTeam "Gx Porto 'A'"]
[BlackTeam "Aa Coimbra 'A'"]
[WhiteTitle "FM"]
[BlackTitle "IM"]
[PlyCount "26"]

1. e4 c5 2. Nc3 a6 3. Nge2 e6 4. g3 Nc6 5. Bg2 d6 6. O-O Nf6 7. d4 cxd4 8. Nxd4
Bd7 9. Re1 Be7 10. Nxc6 Bxc6 11. e5 dxe5 12. Bxc6+ bxc6 13. Rxe5 Qxd1+ 1/2-1/2

[Event "CN Equipas 2019 - 1. div"]
[Site "Évora POR"]
[Date "2019.07.22"]
[Round "6.2.4"]
[White "Diogo, Vasco"]
[Black "Lombaers, Peter"]
[Result "0-1"]
[WhiteElo "2204"]
[BlackElo "2361"]
[WhiteFideId "1902628"]
[BlackFideId "1032852"]
[WhiteTeam "Aa Coimbra 'A'"]
[BlackTeam "Gx Porto 'A'"]
[WhiteTitle "FM"]
[BlackTitle "FM"]
[PlyCount "90"]

1. e4 c5 2. Nf3 e6 3. d3 Nc6 4. g3 Nf6 5. Bg2 d5 6. Nbd2 Be7 7. O-O O-O 8. Re1
b5 9. e5 Nd7 10. Nf1 Qc7 11. Bf4 Bb7 12. h4 Rfc8 13. N1h2 Qd8 14. h5 h6 15. Qd2
Nf8 16. c3 a5 17. Ng4 Nh7 18. Rad1 Rc7 19. Qc1 a4 20. Re2 Rac8 21. c4 Nd4 22.
Re3 Nxf3+ 23. Rxf3 d4 24. cxb5 Ng5 25. Bxg5 Bxg5 26. Qc4 Bd5 27. Qxa4 Ra8 28.
Qc2 Rxa2 29. Nh2 Qb8 30. g4 Qxb5 31. Rb1 Bxf3 32. Nxf3 Qa4 33. Qe2 Ra1 34. Rf1
Rxf1+ 35. Bxf1 Qb4 36. Qe4 Rc8 37. Qe2 Rb8 38. Qc2 Rb5 39. Nxg5 hxg5 40. Qc1 c4
41. dxc4 Rxe5 42. Qd1 Qxb2 43. Qa4 Qb8 44. Bd3 Re1+ 45. Kg2 Qb7+ 0-1

[Event "CN Equipas 2019 - 1. div"]
[Site "Évora POR"]
[Date "2019.07.22"]
[Round "6.3.1"]
[White "Henderson De La Fuente, Lance"]
[Black "Kadric, Denis"]
[Result "1-0"]
[WhiteElo "2471"]
[BlackElo "2562"]
[WhiteFideId "32096585"]
[BlackFideId "14403803"]
[WhiteTeam "Ex Porto 'A'"]
[BlackTeam "Ax Gaia 'A'"]
[WhiteTitle "IM"]
[BlackTitle "GM"]
[PlyCount "65"]

1. e4 d6 2. d4 Nf6 3. Nc3 e5 4. Nf3 Nbd7 5. g3 Be7 6. Bg2 O-O 7. O-O Re8 8. Re1
c6 9. a4 b6 10. b3 a6 11. Bb2 Bb7 12. Nb1 Bf8 13. Nbd2 Qc7 14. c4 exd4 15. Nxd4
Rad8 16. Qc2 Qc8 17. f4 Qa8 18. h3 c5 19. Nf5 g6 20. Ne3 Nxe4 21. Nd5 Bxd5 22.
Nxe4 Bxe4 23. Bxe4 Qc8 24. Qc3 f6 25. Bd5+ Kh8 26. Bf7 Rxe1+ 27. Rxe1 Qc7 28.
Bd5 b5 29. Re6 b4 30. Qe3 Qc8 31. g4 Bg7 32. Re7 Bf8 33. g5 1-0

[Event "CN Equipas 2019 - 1. div"]
[Site "Évora POR"]
[Date "2019.07.22"]
[Round "6.3.2"]
[White "Yankelevich, Lev"]
[Black "Veiga, Francisco"]
[Result "1/2-1/2"]
[WhiteElo "2481"]
[BlackElo "2357"]
[WhiteFideId "24684074"]
[BlackFideId "1930087"]
[WhiteTeam "Ax Gaia 'A'"]
[BlackTeam "Ex Porto 'A'"]
[WhiteTitle "IM"]
[BlackTitle "FM"]
[PlyCount "105"]
[EventDate "2019.??.??"]

1. Nf3 Nf6 2. c4 c5 3. Nc3 g6 4. d4 cxd4 5. Nxd4 Bg7 6. e4 Nc6 7. Be3 O-O 8. Be2
d6 9. O-O Nxd4 10. Bxd4 Bd7 11. Qd2 Bc6 12. f3 a5 13. b3 Nd7 14. Be3 Nc5 15.
Rfc1 Qb6 16. Rab1 Rfc8 17. Rc2 h5 18. Nd5 Bxd5 19. Qxd5 Qc6 20. Qd2 Ne6 21. Rcc1
Kh7 22. Rf1 Nc5 23. Kh1 Qe8 24. Qd5 Rd8 25. Bg5 Rac8 26. Qd2 Ra8 27. Rfd1 Qf8
28. Bh4 Ne6 29. Bf2 Qh8 30. f4 Bh6 31. Be3 Nc5 32. Bf3 e5 33. Qd5 Qe8 34. g3 Ne6
35. Bb6 exf4 36. Bxd8 Rxd8 37. e5 dxe5 38. Qxe5 fxg3 39. hxg3 Bg7 40. Rxd8 Qxd8
41. Qd5 Qf6 42. Rf1 Nd4 43. Be2 Nf5 44. Rxf5 Qxf5 45. Qxf5 gxf5 46. Bxh5 Kh6 47.
Bxf7 Kg5 48. Kg2 f4 49. Kf3 fxg3 50. Kxg3 Kf5 51. Kf3 Ke5 52. Ke3 Kd6 53. Ke4
1/2-1/2

[Event "CN Equipas 2019 - 1. div"]
[Site "Évora POR"]
[Date "2019.07.22"]
[Round "6.3.3"]
[White "Silva, Miguel"]
[Black "Ftacnik, Lubomir"]
[Result "0-1"]
[WhiteElo "2250"]
[BlackElo "2513"]
[WhiteFideId "1911929"]
[BlackFideId "14900017"]
[WhiteTeam "Ex Porto 'A'"]
[BlackTeam "Ax Gaia 'A'"]
[WhiteTitle "NM"]
[BlackTitle "GM"]
[PlyCount "50"]

1. e4 c5 2. Nf3 d6 3. d4 cxd4 4. Nxd4 Nf6 5. Nc3 e6 6. Be3 a6 7. f3 b5 8. Qd2
Nbd7 9. O-O-O Bb7 10. Kb1 Rc8 11. g4 Nb6 12. a3 Be7 13. Na2 Nfd7 14. Qf2 d5 15.
Bd3 O-O 16. exd5 Nxd5 17. Nb3 Bh4 18. Qe2 Qc7 19. Rhf1 Ne5 20. Be4 Nxe3 21. Bxb7
Nxd1 22. Bxc8 Nxb2 23. Bxa6 Nbc4 24. Bxb5 Nxa3+ 25. Kc1 Rb8 0-1